Shadow of God on Earth (CD) (Record no. 14708)
[ view plain ]
| 000 -LEADER | |
|---|---|
| fixed length control field | 00530nam a2200205 a 4500 |
| 020 ## - INTERNATIONAL STANDARD BOOK NUMBER | |
| ISBN | |
| 082 00 - DEWEY DECIMAL CLASSIFICATION NUMBER | |
| Classification number | 297.09 |
| Author Cutter | CEN2 |
| 245 ## - TITLE STATEMENT | |
| Title | Shadow of God on Earth (CD) |
| 260 ## - PUBLICATION, DISTRIBUTION, ETC. (IMPRINT) | |
| Place of publication | New Delhi |
| Name of publisher | Centre for Development of Instruction Technlogy |
| Year of publication | 0000 |
| 300 ## - PHYSICAL DESCRIPTION | |
| Number of Pages | 00p |
| 500 ## - GENERAL NOTE | |
| General note | includes index and biblioraphy |
| 942 ## - ADDED ENTRY ELEMENTS (KOHA) | |
| Koha item type | |
| Home library | Current library | Date acquired | Cost, normal purchase price | Full call number | Accession Number | Koha item type |
|---|---|---|---|---|---|---|
| Henry Martyn Institute Library | Henry Martyn Institute Library | 06/24/2008 | 60.00 | 297.09 CEN2 | 022374 | Visual Materials |
